000 01004pab a2200181 454500
008 180718b xxu||||| |||| 00| 0 eng d
100 _aGhuman, Ranjit Singh
245 _aRole of municipal finances in urban amenities: a case study of Mandi Gidderbaha
520 _aIt is a case study of Mandi Gidderbaho, a small town of Fridkot district in Punjab. The rapid growth of urbanisation has increased the responsibility of the municipalities in providing basic public amenities: In this article author studies the role of municipal finances in providing urban amenities to the residents. The aim is to study: (a). the various sources of revenue of the municipal committee of the Mandi; and (b). the utilisation of the revenue with special reference to public amenities
650 _a Mandi Gidderbaha
650 _a Case Study
650 _a Punjab
650 _a Municipal Finance
650 _aMunicipal Finance - India - Punjab
700 _aSantosh, Rani Jindal
773 _aNagarlok
909 _a2081
999 _c2081
_d2081